000 00345nam a2200145 a 4500
005 20140414131903.0
008 100922s19uu xx 00 eng d
050 _aFIC
_bK84 2002
100 _aKorman, Gordon
245 _aEverest.
260 _aNew York :
_bScholastic ,
_c2002.
440 _aThe Summit
999 _c110784
_d110784